000 00558nam a22002297a 4500
003 UA-OsUOA
001 43552
007 ta
008 20070109b un ||||| |||| 00| 0 ukr d
090 _a(038):341.171
_bЕ99
942 _cBK
040 _aUA-OsUOA
_bukr
_cUA-OsUOA
_dUA-OsUOA
245 _aЄвропейський союз
_bСловник-довідник
300 _a140 с.
955 _a2
041 _aukr
080 _a(038):341.171
020 _a966-8039-97-1
260 _aК.
_b"К. І. С."
_c2006
650 7 _2UDC
999 _c329675
_d329675